000 00510nam a2200169 i 4500
001 46516
003 ES-MaACL
005 20230906161410.0
007 t|
008 030331s1949 ag ||||1| spa d
100 1 _aComfort, Alex.
_940005
245 1 3 _aLa novela y nuestro tiempo /
_cAlex Comfort ; [traducción de Francisco de Ayala].
260 _aBuenos Aires :
_bRealidad,
_c1949 (
_fLópez)
300 _a129 p. ;
_c18 cm.
700 1 _aAyala, Francisco de.
_924115
852 _aES-MaACL
_jD-6055
_bR.29547
999 _c46516
_d46516